| 000 | 00837nas a2200277 4500 | ||
|---|---|---|---|
| 001 | BR9602060 | ||
| 003 | BR-BrBNA | ||
| 005 | 20231205095746.0 | ||
| 007 | ta | ||
| 008 | 230509b bl.|||p| |||| 00| 00por d | ||
| 040 |
_aBR-BrBNA _bpor _cBiblioteca Nacional de Agricultura |
||
| 041 | _a(Pt) | ||
| 072 | _aF01 | ||
| 100 | 1 | _aCastro, P.R. de C. e | |
| 100 | 1 | _aColletti Junior, R. | |
| 100 | 1 | _aMinami, K. | |
| 100 | 1 | _aDemetrio, C.G.B. | |
| 100 | 1 | _aPiedade, S.M. de S. | |
| 245 | 1 | _aFrutificacao do morangueiro cultivar Campinas sob efeito de reguladores vegetais | |
| 650 | _aMorango | ||
| 650 | _aAcido Giberelico | ||
| 650 | _aFrutificacao | ||
| 773 | 0 |
_tRevista de Agricultura (Brazil) _xISSN 0034-7655 _g(Dec 1995), v. 70(3) p. 277-289 _wBR9602060 |
|
| 909 |
_a202311 _bLúcia _c55 _dLúcia Elande |
||
| 942 |
_2AGRIS _n0 _cANA |
||
| 999 |
_c152549 _d152549 |
||